000 01004cab a2200277 4500
001 ABS58657
008 090401t1998 xxu||||| |||| 00| 0 eng d
035 _a(Sirsi) u86624
041 _aeng
100 _aTanney, A.
245 _aCarefully chosen words crucial to burying differences
260 _c1998
350 _a0
490 _aProperty Week
_v63(6) 22 may 1998, 35(1)
520 _aReviews through "Clarke v Nationwide Building Society" how supposed out of court settlements to a dispute must be carefully worded. Offers of `full and final satisfaction` do not exclude further litigation.
650 _aCLARKE V NATIONWIDE BUILDING SOCIETY
650 _aDISPUTE RESOLUTION
_96236
650 _aGOODWILL
650 _aMORTGAGE VALUATION
650 _aNEGLIGENCE
650 _aOUT OF COURT SETTLEMENT
690 _aMANAGEMENT-DISPUTE AVOIDANCE, MANAGEMENT AND RESOLUTION-DISPUTE MANAGEMENT AND RESOLUTION-ARBITRATION
700 _aShea, C.
942 _n0
948 _c05/06/1998
999 _c54548
_d54548